书目信息 |
| 题名: |
社会科学文献检索与利用
|
|
| 作者: | 马明琴 编著 | |
| 分册: | ||
| 出版信息: | 济南 山东人民出版社 1991 |
|
| 页数: | 400页 | |
| 开本: | 20cm | |
| 丛书名: | ||
| 单 册: | ||
| 中图分类: | G354.2 | |
| 科图分类: | 37.656 | |
| 主题词: | 社会科学-情报检索 , 情报检索-社会科学 , 情报学 , 情报工作 | |
| 电子资源: | ||
| ISBN: | 7-209-00959-0 | |
| 000 | 00815nam0 2200265 45 | |
| 001 | 0192000715 | |
| 005 | 20061105172942.23 | |
| 010 | @a7-209-00959-0@dCNY10.00 | |
| 100 | @a19920115d1991 em y0chiy0121 ea | |
| 101 | 0 | @achi |
| 102 | @aCN@b370000 | |
| 105 | @ay z 000yy | |
| 200 | 10 | @a社会科学文献检索与利用@ASHE HUI KE XUE WEN XIAN JIAN SUO YU LI YONG@f马明琴等编著@FMA MING QIN DENG BIAN ZHU |
| 210 | @a济南@c山东人民出版社@d1991 | |
| 215 | @a400页@d20cm | |
| 540 | 1 | @a社会 科学 文献 检索 利用@ASHE HUI KE XUE WEN XIAN JIAN SUO LI YONG |
| 606 | @a社会科学-情报检索 | |
| 606 | @a情报检索-社会科学 | |
| 606 | 0 | @a情报学 |
| 606 | 0 | @a情报工作 |
| 690 | @aG354.2@v2 | |
| 692 | @a37.656 | |
| 701 | 0 | @a马明琴@AMA MING QIN@4编著 |
| 801 | 0 | @aCN@bTSSF@c20061105 |
| 905 | @a10447@dG354.2@e108=2 | |
| 社会科学文献检索与利用/马明琴等编著.-济南:山东人民出版社,1991 |
| 400页;20cm |
| ISBN 7-209-00959-0:CNY10.00 |
| ● |
| 相关链接 |
|
|
|
|
正题名:社会科学文献检索与利用
索取号:G354.2/108=2
 
预约/预借
| 序号 | 登录号 | 条形码 | 馆藏地/架位号 | 状态 | 备注 |
| 1 | 0380020 | 203800208 | 第一样本阅览室/ [索取号:G354.2/108=2] | 在馆 | |
| 2 | 0380021 | 203800217 | 第四借阅区/ [索取号:G354.2/108=2] | 在馆 |